Les plus longs fleuves d'Asie - Statistiques

Statistiques générales
  • Ce quiz a été pris 287 fois
  • Le résultat moyen est 7 sur 14
Statistiques - réponses
Longueurs Fleuves % Correct
13 2510 km Le Gange
79%
5 4350 km Le Mékong
76%
4 4354 km L'Amour
63%
2 5646 km Le fleuve Jaune
63%
8 3180 km L'Indus
54%
9 2896 km Le Brahmapoutre
51%
11 2780 km L'Euphrate
51%
7 3650 km L'Ob
48%
1 6380 km Le Yangzi Jiang (le fleuve Bleu)
46%
3 4400 km La Léna
44%
6 4093 km L'Ienisseï
41%
12 2580 km L'Amou-Daria
25%
10 2815 km Le Salouen
9%
14 2292 km L'Oleniok
2%
Aucun quiz correspondant
Distribution des résultats
% des personnes avec chaque résultat
Percentile par nombre de réponses
Votre historique - résultats
Vous n’avez pas pris ce quiz